banner-ar

المتنبى فى الدراسات الادبية الحديثة فى مصر / (Record no. 66623)

MARC details
000 -الفاتح
حقل البيانات ثابتة الطول 01009nam a22002417a 4500
005 - وقت وتاريخ اخر تعامل مع التسجيلة
رقم الضبط 20240530110929.0
008 - عناصر البيانات ثابتة الطول - معلومات عامة
حقل البيانات ثابتة الطول 220214s2007 ua g 000 p ara d
017 ## - رقم الايداع القانونى
المصدر ( الهيئة المختصة) مصر. دار الكتب
رقم الايداع القانونى 2006/24621
020 ## - الرقم الدولى المعيارى للكتب
الرقم الدولى المعيارى للكتاب 9772159368
040 ## - مصدر الفهرسة
وكالة الفهرسة الأصلية EG-CaGPL
وكالة النسخ EG-CaGPL
082 04 - رقم تصنيف ديوى العشرى
رقم الطبعة 21
رقم التصنيف 811.9 /
رقم المادة ض م
100 0# - المدخل الرئيسى - إسم شخصى
الإسم الشخصى ضيف الله هلال العتيبى
245 12 - بيان العنوان
العنوان المتنبى فى الدراسات الادبية الحديثة فى مصر /
بيان المسئوليه,etc ضيف الله هلال العتيبى
رقم الجزء/قسم العمل الجزء الاول :
اسم جزء/قسم العمل قضايا التاريخ الادبى
رقم الجزء/قسم العمل الجزء الثانى :
اسم جزء/قسم العمل قضايا النقد الادبى
250 ## - بيان الطبعة
بيان الطبعة ط. 1
260 ## - PUBLICATION, DISTRIBUTION, ETC. (IMPRINT)
تاريخ النشر أو التوزيع 2007
300 ## - الوصف المادى
التعداد 430 ص. ؛
أبعاد الوعاء 24 سم
650 07 - المدخل الاضافى بالموضوع-مصطلح موضوعى
مصدر الرأس أو المصطلح qrmak
مصطلح موضوعي الشعر العربى
650 07 - المدخل الاضافى بالموضوع-مصطلح موضوعى
مصدر الرأس أو المصطلح qrmak
مصطلح موضوعي المتنبى
650 07 - المدخل الاضافى بالموضوع-مصطلح موضوعى
مصدر الرأس أو المصطلح qrmak
مصطلح موضوعي النقد الادبى
651 ## - المدخل الاضافى بالموضوع - اسم جغرافى
مصدر الرأس أو المصطلح qrmak
942 ## - عناصر المدخل الإضافي( كوها)
مصدر التصنيف او مخطط الترفيف Dewey Decimal Classification
Koha [default] item type كتاب
260 ## - PUBLICATION, DISTRIBUTION, ETC. (IMPRINT)
-- القاهرة :
-- دار غريب للطباعة والنشر والتوزيع،
Holdings
حالة التراجع حالة الفقد حالة تلف ليس للاعارة المكان المؤقت الموقع الحالى تاريخ الاكتساب اجمالي اﻻعارات رقم الطلب الباركود تاريخ اخر مشاهدة تاريخ تفعيل السعر نوع وعاء كوها موقع الترفيف
        مكتبة القاهرة الكبرى مكتبة القاهرة الكبرى 08/21/2022   811.9/ ض م 168311 08/21/2022 08/21/2022 كتاب  
        مكتبة القاهرة الكبرى مكتبة القاهرة الكبرى 11/02/2022   811.9 / ض م 168724 11/02/2022 11/02/2022 كتاب ق الرئيسية_الأداب_ك عربى

Powered By

EGPV